| 000 | 00485nam a2200205Ia 4500 | ||
|---|---|---|---|
| 008 | 170918s9999 xx 000 0 und d | ||
| 020 | _a9780590461320 | ||
| 050 | _bB167 1990 | ||
| 100 | _aBaker, Lucy | ||
| 245 | _aLife in the oceans : | ||
| 245 | _banimals, people, plants / | ||
| 245 | _cLucy Baker. | ||
| 260 | _aNew York : | ||
| 260 | _bScholastic, | ||
| 260 | _c1990 | ||
| 300 | _a31 pages : | ||
| 300 | _bcolored illustration ; | ||
| 300 | _c27cm. | ||
| 500 | _a940 | ||
| 999 |
_c342236 _d342236 |
||